000 00364nam a22001217a 4500
008 230605b xxu||||| |||| 00| 0 eng d
082 _a330.6762
_bGOK
100 _cGovernment of Kenya
_d2004
245 _aEconomic Survey 2004
260 _aNairobi
_bCentral Bureau of Statistics Ministry of Planning and National Development
300 _axvi;243 p
942 _2ddc
_cBK
999 _c398
_d398